000 01760nam a2200577 i 4500
001 37032
003 KOSZ 005
005 20211214102304.0
008 000705s2000 pl f |001 0 pol
015 _aUWD 2000/14176
020 _a8372790035
035 _a991014228659705066
035 _a(PL-WaBN)b13822585-48omnis_nlop
035 _ab13822585
035 _a(OCoLC)749564135
035 _azz2003969829
035 _a(PL)b0000001382258
035 _a(EXLNZ-48OMNIS_NETWORK)9910008740305606
040 _aWA N
_cWA N
_dKOSZ 005/HR
041 0 _apol
046 _k2000
080 _a004.738.5
080 _a004.451
080 _a004.438
080 _a(07)
100 1 _aSopala, Andrzej
_eAutor
245 1 0 _aPisanie programów internetowych :
_bśrodowisko UNIX, środowisko Windows, język Java /
_cAndrzej Sopala.
260 _aWarszawa :
_b"Mikom",
_c2000.
300 _a435 s. ;
_c24 cm.
336 _aTekst
_btxt
_2rdacontent
337 _aBez urządzenia pośredniczącego
_bn
_2rdamedia
338 _aWolumin
_bnc
_2rdacarrier
380 _aKsiążki
380 _aPublikacje fachowe
388 _a1901-2000
388 _a1989-2000
490 1 _aBP
504 _aBibliogr. - Indeks.
650 7 _aInternet
_2DBN
650 7 _aJava (język programowania)
650 7 _aUNIX
650 7 _aWindows
650 7 _aProgramowanie (informatyka)
_2DBN
655 7 _aPodręcznik
_2DBN
658 _aInformatyka i technologie informacyjne
710 2 _aWydawnictwo Mikom
_4pbl
830 0 _aBP
856 _uhttp://koha.tu.koszalin.pl/cgi-bin/koha/opac-detail.pl?biblionumber=37032
_yKatalog online BPK
942 _2UKD
_cKS
999 _c37032
_d37032